[Event "EuroTeams 2007 (Women)"]
[Site "Crete, Greece"]
[Date "2007.11.03"]
[Round "6.14.3"]
[White "Pavlidou, Ekaterini"]
[Black "Jiretorn, Eva"]
[Result "0-1"]
[WhiteElo "2003"]
[BlackElo "2121"]
[PlyCount "114"]
[EventDate "2007.10.28"]
[WhiteTeam "GRE2"]
[BlackTeam "Sweden"]
[BlackTeamCountry "SWE"]

1. d4 d5 2. c4 c6 3. Nf3 Nf6 4. Nc3 a6 5. c5 Bf5 6. Bf4 Nbd7 7. e3 e6 8. h3 Be7
9. Be2 h6 10. Qb3 Qc8 11. Ne5 Bd8 12. Nxd7 Nxd7 13. g4 Bg6 14. O-O-O Bc7 15.
Bxc7 Qxc7 16. Na4 O-O 17. h4 e5 18. h5 Bh7 19. Bd3 Bxd3 20. Qxd3 e4 21. Qb3 f6
22. Kb1 Kh8 23. Rdf1 Rfb8 24. Nb6 Nxb6 25. cxb6 Qd7 26. Qc3 a5 27. Qc5 Qe6 28.
Rhg1 a4 29. Rc1 Ra6 30. Qb4 Qd7 31. Rg3 Rba8 32. Ka1 Qd8 33. f4 exf3 34. Rxf3
Rxb6 35. Qd2 Qe7 36. Rcf1 Re8 37. g5 fxg5 38. Qc2 Ra6 39. Qg6 c5 40. Rf7 Rxg6
41. Rxe7 Rxe7 42. hxg6 Kg8 43. dxc5 Rxe3 44. a3 Re6 45. Rf7 Rxg6 46. Rxb7 Rc6
47. Rb8+ Kh7 48. Rb4 Rxc5 49. Rxa4 h5 50. Rd4 Rc1+ 51. Ka2 g4 52. Rxd5 Kh6 53.
a4 g3 54. Rd2 h4 55. Rg2 Kh5 56. a5 Kg4 57. a6 Rc6 0-1

[Event "EuroTeams 2007 (Women)"]
[Site "Crete, Greece"]
[Date "2007.11.03"]
[Round "6.14.4"]
[White "Horn, Emilia"]
[Black "Fragaki, Maria"]
[Result "0-1"]
[WhiteElo "2074"]
[BlackElo "1922"]
[PlyCount "82"]
[EventDate "2007.10.28"]
[WhiteTeam "Sweden"]
[BlackTeam "GRE2"]
[WhiteTeamCountry "SWE"]

1. e4 c5 2. Nf3 d6 3. b3 Nf6 4. Bd3 Nc6 5. Bb2 a6 6. a3 Bg4 7. h3 Bh5 8. Nc3 b5
9. Nd5 e5 10. Qe2 Nxd5 11. exd5 Ne7 12. g4 Bg6 13. c4 Bxd3 14. Qxd3 Qb6 15. Bc3
Ng6 16. Qe4 Be7 17. h4 h5 18. g5 Qc7 19. O-O Qd7 20. Bxe5 dxe5 21. d6 Qg4+ 22.
Qxg4 hxg4 23. Nh2 Bxd6 24. Nxg4 Rxh4 25. f3 Kd7 26. Kf2 Nf4 27. Rh1 Rah8 28.
Rxh4 Rxh4 29. Ke3 bxc4 30. bxc4 Ne6 31. Rg1 Nxg5 32. d3 f5 33. Nf2 Be7 34. Rb1
Kc7 35. Rb3 f4+ 36. Ke2 Ne6 37. Kf1 Nd4 38. Rb2 Rh2 39. a4 Bh4 40. a5 Nxf3 41.
Rb6 Rxf2# 0-1